Tìm hiểu hệ thống trường học Pháp- Việt thời thuộc địa /

में बचाया:
ग्रंथसूची विवरण
मुख्य लेखक: Nguyễn Thụy Phương.
स्वरूप: लेख
भाषा:Vietnamese
विषय:
टैग : टैग जोड़ें
कोई टैग नहीं, इस रिकॉर्ड को टैग करने वाले पहले व्यक्ति बनें!
Thư viện lưu trữ: Thư viện Trường Đại học Đà Lạt
LEADER 00814nam a2200265 4500
001 DLU130156502
005 ##20131107
040 # # |a DLU  |b vie 
041 # # |a vie 
044 # # |a vn 
100 # # |a Nguyễn Thụy Phương. 
245 # # |a Tìm hiểu hệ thống trường học Pháp- Việt thời thuộc địa /  |c Nguyễn Thụy Phương. 
653 # # |a Cải cách giáo dục 
653 # # |a Hệ thống giáo dục 
653 # # |a Văn hóa Pháp 
773 # # |t Tạp chí Dạy và học ngày nay   |g Số 8, 2005, tr. 43-46 
920 # # |a Phòng Tạp chí -- Trung tâm Thông tin - Thư viện Trường Đại học Đà Lạt 
994 # # |a DLU 
900 # # |a True 
911 # # |a Nguyễn Thị Linh Chi 
925 # # |a G 
926 # # |a A 
927 # # |a BB 
980 # # |a Thư viện Trường Đại học Đà Lạt